Integrating economic and ecological indicators : practical methods for environmental policy analysis

Αποθηκεύτηκε σε:
Λεπτομέρειες βιβλιογραφικής εγγραφής
Άλλοι συγγραφείς: Shogren, Jason F. (Επιμελητής έκδοσης), Milon, J. Walter (Επιμελητής έκδοσης)
Μορφή: Βιβλίο
Γλώσσα:English
Δημοσίευση: Connecticut : Praeger, c1995
Θέματα:
Ετικέτες: Προσθήκη ετικέτας
Δεν υπάρχουν, Καταχωρήστε ετικέτα πρώτοι!

MARC

LEADER 00000nam a2200000 i 4500
001 1/55606
008 960627s1995 eng d
020 |a 0-275-94983-4 
035 |l 10027879 
040 |a GR-MY-UA  |b gre  |e aacr 
041 0 |a eng 
082 0 |a 363.7 
245 1 0 |a Integrating economic and ecological indicators :  |b practical methods for environmental policy analysis /  |c edited by J. Water Millon and Jason F. Shogren 
260 |a Connecticut :   |b Praeger,   |c c1995 
300 |a xii, 216 σ. 
504 |a Περιέχει βιβλιογραφικές παραπομπές και ευρετήριο 
650 0 0 |a Economic development  |x Environmental aspects  |x Congresses. 
650 0 0 |a Economic policy  |x Congresses. 
700 1 |a Shogren, Jason F.  |4 edt 
700 1 |a Milon, J. Walter.  |4 edt 
852 |a INST  |b CHIOS  |e 19980415  |h 363.7 INT  |p 005200009525  |q 005200009525  |t BK  |y 0 
852 |a INST  |b LESVOS  |e 19960627  |h 363.7 INT  |p 005100009716  |q 005100009716  |t BK  |y 0 
901 |a BIBL-1998-1 
909 |a Χ  |b 054509 
909 |a Λ  |b 046414 
922 |a 2ΕΛΗ  |b 199803  |c ΓΚΟΤΣΙΑΣ  |d ΠΑΠΑΣΩΤΗΡΙΟΥ 
950 |a 054/1995-10-24